The Origins and development of the English language / (Record no. 454)
[ view plain ]
| 000 -LEADER | |
|---|---|
| fixed length control field | 00607nam a2200205 4500 |
| 003 - CONTROL NUMBER IDENTIFIER | |
| control field | OSt |
| 005 - DATE AND TIME OF LATEST TRANSACTION | |
| control field | 20250829062945.0 |
| 008 - FIXED-LENGTH DATA ELEMENTS--GENERAL INFORMATION | |
| fixed length control field | 240610b |||||||| |||| 00| 0 eng d |
| 020 ## - INTERNATIONAL STANDARD BOOK NUMBER | |
| International Standard Book Number | 9781133957539 |
| 040 ## - CATALOGING SOURCE | |
| Original cataloging agency | DWCL-Main lib. |
| Transcribing agency | OC |
| 082 ## - DEWEY DECIMAL CLASSIFICATION NUMBER | |
| Edition number | International edition |
| Classification number | Circ. 420.9 A394o 2014 |
| 006 - FIXED-LENGTH DATA ELEMENTS--ADDITIONAL MATERIAL CHARACTERISTICS | |
| fixed length control field | a |
| 100 ## - MAIN ENTRY--PERSONAL NAME | |
| Personal name | Algeo, J |
| 245 ## - TITLE STATEMENT | |
| Title | The Origins and development of the English language / |
| 250 ## - EDITION STATEMENT | |
| Edition statement | International edition |
| 260 ## - PUBLICATION, DISTRIBUTION, ETC. | |
| Place of publication, distribution, etc. | Wadsworth ,USA: |
| Name of publisher, distributor, etc. | Cengage Learning |
| Date of publication, distribution, etc. | c2014. |
| 300 ## - PHYSICAL DESCRIPTION | |
| Extent | xv, |
| Other physical details | 367 p. ; |
| Dimensions | 24 cm. |
| 700 ## - ADDED ENTRY--PERSONAL NAME | |
| Personal name | J Algeo |
| 942 ## - ADDED ENTRY ELEMENTS (KOHA) | |
| Source of classification or shelving scheme | Dewey Decimal Classification |
| Suppress in OPAC | No |
| Koha item type | Book Circulation |
| Edition | International edition |
| Call number prefix | Circ. |